|
|
|
|
| LEADER |
01378nam a2200397Ia 4500 |
| 001 |
EBC956971 |
| 003 |
MiAaPQ |
| 005 |
20200520144314.0 |
| 006 |
m o d | |
| 007 |
cr cn||||||||| |
| 008 |
111021s2011 enk s 001 0 eng d |
| 010 |
|
|
|z 2011042456
|
| 020 |
|
|
|z 9780203121658
|
| 020 |
|
|
|z 9780415667128
|
| 020 |
|
|
|z 9781136328640
|
| 035 |
|
|
|a (MiAaPQ)EBC956971
|
| 035 |
|
|
|a (Au-PeEL)EBL956971
|
| 035 |
|
|
|a (CaPaEBR)ebr10545399
|
| 035 |
|
|
|a (CaONFJC)MIL416374
|
| 035 |
|
|
|a (OCoLC)798532677
|
| 040 |
|
|
|a MiAaPQ
|c MiAaPQ
|d MiAaPQ
|
| 050 |
|
4 |
|a HB171
|b .F133 2011
|
| 082 |
0 |
4 |
|a 330
|2 23
|
| 245 |
0 |
0 |
|a Facts, values, and objectivity in economics
|h [electronic resource] /
|c edited by Jose Castro Caldas and Vitor Neves.
|
| 260 |
|
|
|a Abingdon, Oxon. ;
|a New York, NY :
|b Routledge,
|c 2011.
|
| 300 |
|
|
|a xix, 187 p.
|
| 500 |
|
|
|a Includes index.
|
| 533 |
|
|
|a Electronic reproduction. Ann Arbor, MI : ProQuest, 2015. Available via World Wide Web. Access may be limited to ProQuest affiliated libraries.
|
| 650 |
|
0 |
|a Economics.
|
| 650 |
|
0 |
|a Economics
|x Moral and ethical aspects.
|
| 650 |
|
0 |
|a Political ethics.
|
| 655 |
|
4 |
|a Electronic books.
|
| 700 |
1 |
|
|a Caldas, Jose Castro,
|d 1954-
|
| 700 |
1 |
|
|a Neves, Vitor.
|
| 710 |
2 |
|
|a ProQuest (Firm)
|
| 856 |
4 |
0 |
|u https://ebookcentral.proquest.com/lib/matrademy/detail.action?docID=956971
|z Click to View
|